|
|
|
|
| LEADER |
00000nam a2200000 a 4500 |
| 001 |
vtls008175745 |
| 003 |
SK-MaSNL |
| 005 |
20260302074034.0 |
| 008 |
050411s2001 xo 000 0 slo |
| 015 |
|
|
|a SNBE2012/04-01292
|
| 020 |
|
|
|a 8007004068
|
| 040 |
|
|
|a SNK
|b slo
|c SNK
|e AACR2
|
| 041 |
|
|
|a slo
|
| 044 |
|
|
|a xo
|c SK
|
| 072 |
|
7 |
|a 004.4/.6
|x Programovanie. Softvér
|2 konspekt
|
| 080 |
|
|
|a 004.42Word
|2 2001
|
| 080 |
|
|
|a (072)
|2 2001
|
| 245 |
0 |
0 |
|a Word 97
|
| 250 |
|
|
|a 1. vyd.
|
| 260 |
|
|
|a Bratislava
|b Príroda
|c 2001
|
| 300 |
|
|
|a 1 zlož. list ([4] s.)
|b tab.
|c 28 x 46 cm, po zložení 28 x 23 cm
|
| 490 |
1 |
|
|a Ako na to
|
| 650 |
0 |
7 |
|a Microsoft Word
|2 SNKPH
|9 67943
|
| 650 |
0 |
7 |
|a počítačové programy
|2 SNKPH
|9 1222
|
| 655 |
|
7 |
|a učebné pomôcky
|2 SNKPH
|9 70567
|
| 830 |
|
0 |
|a Ako na to
|9 296339
|
| 918 |
|
|
|a 80-07-00406-8
|
| 999 |
|
|
|c 1163383
|d 1165313
|
| 952 |
|
|
|t P60, <91>, [BOOK], {603}, -K-
|a SNK
|b SNK
|y PREZ
|7 0
|p 17A0326377
|o snkOSB 13136
|i snkKSP 14062/2001
|0 0
|1 0
|4 0
|d 2001-12-20
|l 0
|r 2005-01-02 00:00:00
|w 2026-02-24
|
| 952 |
|
|
|t P60, <04>, [BOOK], {604}
|a SNK
|b SNK
|y VYP
|7 0
|p 17A0326378
|o snkOSB 13136 D1
|i snkKSP 14063/2001
|0 0
|1 0
|4 0
|d 2001-12-20
|l 0
|r 2005-01-02 00:00:00
|w 2026-02-24
|